[Event "Heraklion Gazi op 13th"]
[Site "Heraklion"]
[Date "2017.08.03"]
[Round "7"]
[White "Kelires, Andreas"]
[Black "Borovikov, Vladislav"]
[Result "1/2-1/2"]
[WhiteElo "2505"]
[BlackElo "2553"]
[PlyCount "49"]
[EventDate "2017.07.28"]
[EventType "swiss"]
[EventRounds "9"]
[EventCountry "GRE"]
[SourceTitle "CBM 179 Extra"]
[Source "ChessBase"]
[SourceDate "2017.08.23"]
[SourceVersion "1"]
[SourceVersionDate "2017.08.23"]
[SourceQuality "1"]

1. c4 c5 2. Nf3 Nc6 3. Nc3 e5 4. e3 Nf6 5. Be2 d5 6. d4 exd4 7. exd4 Be6 8. 0-0 dxc4 9. Be3 cxd4 10. Nxd4 Nxd4 11. Bxd4 Be7 12. Qa4+ Qd7 13. Qxd7+ Nxd7 14. f4 Bf6 15. Rad1 g6 16. g4 Bxd4+ 17. Rxd4 Nb6 18. Rfd1 Ke7 19. a4 Rad8 20. a5 Nc8 21. Bxc4 Bxg4 22. Nd5+ Kf8 23. Ne3 Rxd4 24. Rxd4 Bh3 25. Rd8+ 1/2-1/2

[Event "Paleochora op 10th"]
[Site "Paleochora"]
[Date "2017.07.25"]
[Round "8"]
[White "Krallis, Christos"]
[Black "Borovikov, Vladislav"]
[Result "0-1"]
[WhiteElo "2244"]
[BlackElo "2553"]
[PlyCount "115"]
[EventDate "2017.07.19"]
[EventType "swiss"]
[EventRounds "9"]
[EventCountry "GRE"]
[SourceTitle "EXT 2018"]
[Source "ChessBase"]
[SourceDate "2017.10.13"]
[SourceVersion "1"]
[SourceVersionDate "2017.10.13"]
[SourceQuality "1"]

1. e4 c5 2. Nf3 d6 3. d4 cxd4 4. Nxd4 Nf6 5. Nc3 a6 6. Bc4 e6 7. 0-0 b5 8. Bb3 Be7 9. Qf3 Qc7 10. Qg3 Nc6 11. Nxc6 Qxc6 12. Re1 Bb7 13. f3 0-0 14. Be3 Rfd8 15. Rad1 Nd7 16. Ne2 Nc5 17. Nd4 Qc7 18. Kh1 b4 19. Bg5 Bxg5 20. Qxg5 h6 21. Qg3 Qe7 22. e5 Qg5 23. Qxg5 hxg5 24. exd6 Rxd6 25. c3 Nxb3 26. Nxb3 Rxd1 27. Rxd1 bxc3 28. bxc3 Bd5 29. Rc1 Rc8 30. Kg1 f6 31. Kf2 Kf7 32. Ke3 g4 33. c4 Ba8 34. c5 gxf3 35. gxf3 Bd5 36. Rc2 e5 37. f4 Ke6 38. fxe5 Kxe5 39. Nc1 Be4 40. Rc4 f5 41. Nd3+ Bxd3 42. Kxd3 Rc6 43. Ke3 Kd5 44. Rc1 Rxc5 45. Rxc5+ Kxc5 46. Kf4 g6 47. h4 Kd5 48. Kg5 Ke6 49. Kxg6 f4 50. h5 f3 51. h6 f2 52. h7 f1Q 53. h8Q Qf5+ 54. Kh6 Qh3+ 55. Kg7 Qg4+ 56. Kf8 Qf5+ 57. Kg7 Qg5+ 58. Kh7 0-1

[Event "Paleochora op 10th"]
[Site "Paleochora"]
[Date "2017.07.20"]
[Round "3"]
[White "Borovikov, Vladislav"]
[Black "Naoum, Spyridon"]
[Result "1-0"]
[WhiteElo "2553"]
[BlackElo "2267"]
[PlyCount "97"]
[EventDate "2017.07.19"]
[EventType "swiss"]
[EventRounds "9"]
[EventCountry "GRE"]
[SourceTitle "EXT 2018"]
[Source "ChessBase"]
[SourceDate "2017.10.13"]
[SourceVersion "1"]
[SourceVersionDate "2017.10.13"]
[SourceQuality "1"]

1. d4 Nf6 2. Nf3 g6 3. c4 Bg7 4. g3 0-0 5. Bg2 d6 6. 0-0 Nc6 7. Nc3 a6 8. d5 Na5 9. b3 c5 10. dxc6 Nxc6 11. Bb2 Qa5 12. Nd5 Nxd5 13. Bxg7 Nc3 14. Bxc3 Qxc3 15. Rc1 Qg7 16. Qd2 Bg4 17. Rfd1 Rac8 18. h3 Bxf3 19. exf3 Rfd8 20. f4 Rc7 21. b4 Rdc8 22. c5 dxc5 23. Rxc5 Qf6 24. Rdc1 e6 25. a4 Rd8 26. Qe3 Rcd7 27. Bxc6 bxc6 28. Rxc6 Qb2 29. Qc3 Rd2 30. Qxb2 Rxb2 31. Rc8 Rxc8 32. Rxc8+ Kg7 33. Rc4 Kf6 34. h4 h6 35. Kg2 Rb3 36. a5 Rb2 37. Kf3 Ke7 38. Rc7+ Kf6 39. Rb7 h5 40. Ke3 Kg7 41. Rb6 Kf6 42. Kd4 Rxf2 43. Rxa6 Rf3 44. b5 Rxg3 45. b6 Rb3 46. Ra7 Kf5 47. Rxf7+ Kg4 48. b7 Kxh4 49. a6 1-0

[Event "Paleochora op 10th"]
[Site "Paleochora"]
[Date "2017.07.19"]
[Round "1"]
[White "Borovikov, Vladislav"]
[Black "Chatzieleftheriou, Andreas"]
[Result "1-0"]
[WhiteElo "2553"]
[BlackElo "1839"]
[PlyCount "85"]
[EventDate "2017.07.19"]
[EventType "swiss"]
[EventRounds "9"]
[EventCountry "GRE"]
[SourceTitle "EXT 2018"]
[Source "ChessBase"]
[SourceDate "2017.10.13"]
[SourceVersion "1"]
[SourceVersionDate "2017.10.13"]
[SourceQuality "1"]

1. d4 d5 2. Nf3 Nf6 3. c4 c6 4. Nc3 dxc4 5. a4 Bf5 6. e3 e6 7. Bxc4 Bb4 8. 0-0 0-0 9. Qe2 Nbd7 10. e4 Bg6 11. Bd3 c5 12. e5 cxd4 13. exf6 dxc3 14. fxg7 Kxg7 15. Rd1 Qe7 16. bxc3 Bxc3 17. Ba3 Qf6 18. Bxf8+ Rxf8 19. Rac1 Nb6 20. Bxg6 hxg6 21. Qb5 Rb8 22. Qb3 Rc8 23. Rd3 Ba5 24. Rxc8 Nxc8 25. g3 Nb6 26. Qb5 Bc3 27. Kg2 Nd5 28. Qxb7 a5 29. h4 Bb4 30. Ng5 Qe7 31. Qxe7 Bxe7 32. Rb3 Nb4 33. Rc3 Nd5 34. Rc6 e5 35. Ra6 Bb4 36. Ra7 Ne7 37. Nf3 f6 38. g4 e4 39. Nd4 Kh6 40. Nc2 Nc6 41. Ra6 Ne5 42. Nxb4 axb4 43. Rb6 1-0

[Event "Heraklion Gazi op 12th"]
[Site "Malevizi"]
[Date "2016.08.04"]
[Round "8"]
[White "Gevorgyan, Maria"]
[Black "Borovikov, Vladislav"]
[Result "0-1"]
[WhiteElo "2218"]
[BlackElo "2556"]
[PlyCount "88"]
[EventDate "2016.07.28"]
[EventType "swiss"]
[EventRounds "9"]
[EventCountry "GRE"]
[SourceTitle "CBM 173 Extra"]
[Source "ChessBase"]
[SourceDate "2016.08.29"]
[SourceVersion "1"]
[SourceVersionDate "2016.08.29"]
[SourceQuality "1"]

1. e4 c5 2. Nc3 d6 3. g3 Nc6 4. Bg2 g6 5. Nge2 Bg7 6. d3 e5 7. h4 h6 8. Nd5 Nge7 9. c4 Nxd5 10. cxd5 Qa5+ 11. Bd2 Nb4 12. Qb3 Bd7 13. 0-0 Qa4 14. Qc3 Qa6 15. Nc1 Bb5 16. b3 Nxd3 17. a4 Nxc1 18. axb5 Ne2+ 19. Kh2 Qxb5 20. Qc4 Qxc4 21. bxc4 Kd7 22. Rae1 Nd4 23. f4 Ke7 24. Rf2 a6 25. Ref1 exf4 26. Bxf4 Rhf8 27. Bh3 b5 28. Rb1 b4 29. Bf1 a5 30. Ra2 a4 31. Be3 b3 32. Bxd4 bxa2 33. Rb7+ Ke8 34. Bxg7 f6 35. Bxf8 Kxf8 36. Bh3 a1Q 37. Be6 a3 38. Rf7+ Ke8 39. Rg7 Qb2+ 40. Kh3 Rb8 41. Rg8+ Ke7 42. Rg7+ Kd8 43. Rd7+ Ke8 44. Rxd6 a2 0-1

[Event "Paleochora op 9th"]
[Site "Paleochora"]
[Date "2016.07.23"]
[Round "5"]
[White "Borovikov, Vladislav"]
[Black "Bulmaga, Irina"]
[Result "1-0"]
[WhiteElo "2556"]
[BlackElo "2383"]
[PlyCount "69"]
[EventDate "2016.07.20"]
[EventType "swiss"]
[EventRounds "9"]
[EventCountry "GRE"]
[SourceTitle "EXT 2017"]
[Source "ChessBase"]
[SourceDate "2016.10.25"]
[SourceVersion "1"]
[SourceVersionDate "2016.10.25"]
[SourceQuality "1"]

1. d4 Nf6 2. Nf3 e6 3. Bf4 b6 4. e3 Bb7 5. Bd3 g6 6. 0-0 Bg7 7. c4 0-0 8. Nc3 d6 9. e4 Nbd7 10. Re1 Qe8 11. Qd2 e5 12. Bg5 exd4 13. Nxd4 Nc5 14. Bc2 Ng4 15. h3 Ne5 16. b3 Ne6 17. Be3 a6 18. Rad1 Nxd4 19. Bxd4 Qd8 20. Nd5 c5 21. Be3 b5 22. Bg5 f6 23. Be3 bxc4 24. f4 Nd3 25. Bxd3 cxd3 26. Qxd3 f5 27. Qc4 Kh8 28. e5 Re8 29. Nc3 Qh4 30. Bf2 Qh5 31. exd6 g5 32. Rxe8+ Rxe8 33. d7 Rd8 34. Qxc5 gxf4 35. Qe7 1-0

[Event "Paleochora op 9th"]
[Site "Paleochora"]
[Date "2016.07.20"]
[Round "1"]
[White "Borovikov, Vladislav"]
[Black "Papadokokolakis, Panagiotis"]
[Result "1-0"]
[WhiteElo "2556"]
[BlackElo "1653"]
[PlyCount "57"]
[EventDate "2016.07.20"]
[EventType "swiss"]
[EventRounds "9"]
[EventCountry "GRE"]
[SourceTitle "EXT 2017"]
[Source "ChessBase"]
[SourceDate "2016.10.25"]
[SourceVersion "1"]
[SourceVersionDate "2016.10.25"]
[SourceQuality "1"]

1. d4 Nf6 2. Nf3 e6 3. c4 b6 4. Nc3 Bb7 5. a3 d5 6. cxd5 Nxd5 7. e3 Be7 8. Bb5+ c6 9. Bd3 0-0 10. Qc2 h6 11. e4 Nxc3 12. bxc3 c5 13. 0-0 Qc7 14. Qe2 Nd7 15. Bb2 Rfe8 16. Nd2 Bg5 17. e5 Bxd2 18. Qxd2 Qc6 19. f4 Rad8 20. Qe2 Re7 21. Rae1 Nf8 22. Qf2 g6 23. Re3 Kg7 24. Rg3 Bc8 25. Qe2 Qc7 26. h4 Kh7 27. h5 cxd4 28. cxd4 Rde8 29. Qg4 1-0

[Event "Heusenstamm Sparkassen op-A 2nd"]
[Site "Heusenstamm"]
[Date "2015.11.29"]
[Round "6"]
[White "Borovikov, Vladislav"]
[Black "Van Foreest, Lucas"]
[Result "1/2-1/2"]
[WhiteElo "2564"]
[BlackElo "2299"]
[PlyCount "55"]
[EventDate "2015.11.26"]
[EventType "swiss"]
[EventRounds "7"]
[EventCountry "GER"]
[SourceTitle "CBM 169 Extra"]
[Source "ChessBase"]
[SourceDate "2015.12.18"]
[SourceVersion "1"]
[SourceVersionDate "2015.12.18"]
[SourceQuality "1"]

1. d4 Nf6 2. Nf3 c6 3. c4 d5 4. Nc3 e6 5. e3 Nbd7 6. Qc2 Bd6 7. Be2 dxc4 8. Bxc4 b5 9. Bd3 Bb7 10. 0-0 a6 11. Rd1 Qc7 12. b3 0-0 13. Bb2 c5 14. Ne4 Nxe4 15. Bxe4 Bxe4 16. Qxe4 Nf6 17. Qc2 cxd4 18. Qxc7 Bxc7 19. Rac1 Rfc8 20. Nxd4 Ne8 21. Nc6 Bd6 22. Rxd6 Nxd6 23. Ba3 Kf8 24. Bxd6+ Ke8 25. Ba3 Rc7 26. Bd6 Rcc8 27. Ba3 Rc7 28. Nd4 1/2-1/2

[Event "Heusenstamm Sparkassen op-A 2nd"]
[Site "Heusenstamm"]
[Date "2015.11.28"]
[Round "4"]
[White "Borovikov, Vladislav"]
[Black "Milov, Leonid"]
[Result "1/2-1/2"]
[WhiteElo "2564"]
[BlackElo "2471"]
[PlyCount "24"]
[EventDate "2015.11.26"]
[EventType "swiss"]
[EventRounds "7"]
[EventCountry "GER"]
[SourceTitle "CBM 169 Extra"]
[Source "ChessBase"]
[SourceDate "2015.12.18"]
[SourceVersion "1"]
[SourceVersionDate "2015.12.18"]
[SourceQuality "1"]

1. d4 d5 2. c4 c6 3. Nc3 Nf6 4. e3 g6 5. Nf3 Bg7 6. Be2 0-0 7. 0-0 a5 8. b3 Ne4 9. Bb2 Nxc3 10. Bxc3 Bg4 11. h3 Bxf3 12. Bxf3 e6 1/2-1/2

[Event "Kavala op 24th"]
[Site "Kavala"]
[Date "2015.08.07"]
[Round "5"]
[White "Borovikov, Vladislav"]
[Black "Wallace, John Paul"]
[Result "1-0"]
[WhiteElo "2568"]
[BlackElo "2385"]
[PlyCount "91"]
[EventDate "2015.08.04"]
[EventType "swiss"]
[EventRounds "9"]
[EventCountry "GRE"]
[SourceTitle "CBM 167 Extra"]
[Source "ChessBase"]
[SourceDate "2015.09.14"]
[SourceVersion "1"]
[SourceVersionDate "2015.09.14"]
[SourceQuality "1"]

1. d4 Nf6 2. Nf3 e6 3. c4 c5 4. d5 d6 5. Nc3 exd5 6. cxd5 g6 7. Bf4 a6 8. a4 Bg7 9. h3 0-0 10. e3 Ne8 11. Be2 Nd7 12. 0-0 Rb8 13. Re1 h6 14. e4 g5 15. Bh2 Qe7 16. a5 b5 17. axb6 Rxb6 18. Qc2 Ne5 19. Nxe5 Bxe5 20. Bxe5 Qxe5 21. b3 Nc7 22. Na4 Rb8 23. Nb2 Nb5 24. Nc4 Nd4 25. Qd3 Qf4 26. Bd1 Re8 27. Qe3 Qf6 28. Ra2 Bb7 29. Qg3 Rbd8 30. f3 Qe7 31. Re3 Kh8 32. Qe1 Qc7 33. Qc3 f5 34. b4 Kg8 35. bxc5 Qxc5 36. Ra5 Qa7 37. Kh2 fxe4 38. Rxe4 Rxe4 39. fxe4 Rc8 40. Qd3 Nb5 41. Bg4 Rc5 42. Be6+ Kg7 43. Rxb5 Rxb5 44. Qc3+ Kh7 45. Qf6 Ba8 46. Bf7 1-0

[Event "Heusenstamm Schloss op 1st"]
[Site "Heusenstamm"]
[Date "2014.11.22"]
[Round "4"]
[White "Carow, Johannes"]
[Black "Borovikov, Vladislav"]
[Result "0-1"]
[WhiteElo "2398"]
[BlackElo "2556"]
[PlyCount "82"]
[EventDate "2014.11.20"]
[EventType "swiss"]
[EventRounds "7"]
[EventCountry "GER"]
[SourceTitle "CBM 163 Extra"]
[Source "ChessBase"]
[SourceDate "2014.12.23"]
[SourceVersion "1"]
[SourceVersionDate "2014.12.23"]
[SourceQuality "1"]

1. d4 d5 2. c4 c6 3. Nc3 Nf6 4. e3 e6 5. Nf3 Nbd7 6. Qc2 Bd6 7. g4 h6 8. Bd2 dxc4 9. Bxc4 b5 10. Be2 Bb7 11. e4 Be7 12. e5 b4 13. Na4 Nd5 14. Rc1 Qa5 15. a3 c5 16. dxc5 Rc8 17. axb4 Nxb4 18. Qb3 Nxc5 19. Rxc5 Rxc5 20. Bxb4 Rb5 21. Bxa5 Rxb3 22. Nd4 Rb4 23. Bxb4 Bxb4+ 24. Kf1 Bxh1 25. f3 Bd2 26. Nc2 Ke7 27. Ne1 g5 28. Nd3 h5 29. gxh5 Rxh5 30. Kg1 Rh4 31. Nc3 Bxc3 32. bxc3 Bxf3 33. Bxf3 Rc4 34. Kf2 Rxc3 35. Ke3 a5 36. Kd2 Rc4 37. h3 a4 38. Nc1 a3 39. Bd1 Rc5 40. Bb3 Rxe5 41. Kc3 Re3+ 0-1

[Event "Heusenstamm Schloss op 1st"]
[Site "Heusenstamm"]
[Date "2014.11.21"]
[Round "3"]
[White "Borovikov, Vladislav"]
[Black "Heider, Martin"]
[Result "1-0"]
[WhiteElo "2556"]
[BlackElo "2132"]
[PlyCount "85"]
[EventDate "2014.11.20"]
[EventType "swiss"]
[EventRounds "7"]
[EventCountry "GER"]
[SourceTitle "CBM 163 Extra"]
[Source "ChessBase"]
[SourceDate "2014.12.23"]
[SourceVersion "1"]
[SourceVersionDate "2014.12.23"]
[SourceQuality "1"]

1. d4 Nf6 2. Nf3 c5 3. d5 g6 4. Nc3 d6 5. e4 Bg7 6. Be2 Bg4 7. Nd2 Bxe2 8. Qxe2 0-0 9. 0-0 Re8 10. Nc4 e6 11. Qf3 exd5 12. exd5 Nbd7 13. Bf4 Ne5 14. Bxe5 dxe5 15. Rfe1 e4 16. Nxe4 Nxe4 17. Rxe4 Rxe4 18. Qxe4 b5 19. Ne3 Bxb2 20. Rb1 Qf6 21. Ng4 Qg5 22. d6 Rf8 23. h4 Qd2 24. Rxb2 Qc1+ 25. Kh2 Qxb2 26. d7 h5 27. Ne5 Kg7 28. Qd5 Qc1 29. Qxc5 Qd2 30. Nd3 Qa5 31. Nb4 Qd8 32. Qd6 Qxh4+ 33. Kg1 Rd8 34. Nc6 Kh7 35. Nxd8 Qxd8 36. Qd5 Kg7 37. Qe5+ Kf8 38. Qc5+ Kg7 39. Qc8 Qg5 40. d8Q Qc1+ 41. Kh2 Qf4+ 42. Kh3 g5 43. Qg8+ 1-0

[Event "Heusenstamm Schloss op 1st"]
[Site "Heusenstamm"]
[Date "2014.11.21"]
[Round "2"]
[White "Carow, Annelen"]
[Black "Borovikov, Vladislav"]
[Result "0-1"]
[WhiteElo "2034"]
[BlackElo "2556"]
[PlyCount "76"]
[EventDate "2014.11.20"]
[EventType "swiss"]
[EventRounds "7"]
[EventCountry "GER"]
[SourceTitle "CBM 163 Extra"]
[Source "ChessBase"]
[SourceDate "2014.12.23"]
[SourceVersion "1"]
[SourceVersionDate "2014.12.23"]
[SourceQuality "1"]

1. d4 d5 2. c4 e6 3. Nf3 Nf6 4. cxd5 exd5 5. Qc2 c6 6. Nc3 Be7 7. Bg5 g6 8. e3 Bf5 9. Bd3 Bxd3 10. Qxd3 Nbd7 11. 0-0 0-0 12. Nd2 Re8 13. Rab1 a5 14. a4 Nh5 15. Bxe7 Qxe7 16. Rbe1 Qb4 17. f4 Ndf6 18. f5 Qxb2 19. fxg6 hxg6 20. Rb1 Qa3 21. Rxb7 Re7 22. Rxe7 Qxe7 23. e4 dxe4 24. Ndxe4 Rd8 25. Ng5 Qd7 26. h3 Qxd4+ 27. Qxd4 Rxd4 28. g4 Nf4 29. Rf3 Kg7 30. Kf2 N4d5 31. Kg2 Nxc3 32. Rxc3 Rxa4 33. Rxc6 Nxg4 34. Rc7 Ne5 35. Ne6+ Kf6 36. Nc5 Rc4 37. Kf1 Kf5 38. Ke2 a4 0-1

[Event "Paleochora op 7th"]
[Site "Paleochora"]
[Date "2014.07.26"]
[Round "7"]
[White "Eggleston, David"]
[Black "Borovikov, Vladislav"]
[Result "1/2-1/2"]
[WhiteElo "2409"]
[BlackElo "2556"]
[PlyCount "73"]
[EventDate "2014.07.21"]
[EventType "swiss"]
[EventRounds "9"]
[EventCountry "GRE"]
[SourceTitle "CBM 161 Extra"]
[Source "ChessBase"]
[SourceDate "2014.08.29"]
[SourceVersion "1"]
[SourceVersionDate "2014.08.29"]
[SourceQuality "1"]

1. e4 e6 2. d4 d5 3. Nc3 Bb4 4. e5 c5 5. a3 Ba5 6. b4 cxd4 7. Qg4 Kf8 8. bxa5 dxc3 9. Nf3 Ne7 10. Bd3 h6 11. a4 b6 12. Ba3 Ba6 13. Bb5 Bxb5 14. axb5 Nd7 15. 0-0 Kg8 16. axb6 Nxb6 17. Qb4 Ng6 18. Qxc3 Kh7 19. Qd3 Qc7 20. Bd6 Qc4 21. Nd4 Rhc8 22. g3 Na4 23. Nc6 Rxc6 24. bxc6 Qxc6 25. h4 Nb2 26. Qd4 Nc4 27. h5 Nh8 28. Rxa7 Rxa7 29. Qxa7 Nd2 30. Rc1 Nf3+ 31. Kf1 Qc4+ 32. Kg2 Qg4 33. Qe3 Nh4+ 34. Kg1 Nf3+ 35. Kg2 Nh4+ 36. Kg1 Nf3+ 37. Kg2 1/2-1/2